Una mujer respetable [braille] / (Registro nro. 32797)

Detalles MARC
000 -CABECERA
Longitud fija campo de control 00747nam a2200253 a 4500
003 - • IDENTIFICADOR DELl NÚMERO DE CONTROL
Identificador del número de control CO-ViMGA
008 - • CÓDIGOS DE INFORMACIÓN DE LONGITUD FIJA
Códigos de información de longitud fija 141112s2004 ck r 000 u spa d
020 ## - • NÚMERO INTERNACIONAL NORMALIZADO PARA LIBROS
Número Internacional Normalizado para Libros (ISBN) 9789588257839
040 ## - FUENTE DE LA CATALOGACIÓN
Centro catalogador de origen CO-ViMGA
Lengua de catalogación spa
Centro transcriptor CO-ViMGA
082 04 - • NÚMERO DE LA CLASIFICACIÓN DECIMAL DEWEY
Número de clasificación (R) 808.068
100 1# - • PUNTO DE ACCESO PRINCIPAL-NOMBRE DE PERSONA
Nombre de persona Chopin, Kate
245 10 - • TITULO PROPIAMENTE DICHO
Título Una mujer respetable [braille] /
Mención de responsabilidad, etc. Kate Chopin
250 ## - • MENCIÓN DE EDICIÓN
Mención de edición 1a. ed.
300 ## - • DESCRIPCIÓN FÍSICA
Extensión 33 p. ; 25 cm.
490 ## - • MENCIÓN DE SERIE
Mención de serie Libro al viento
500 ## - • NOTA GENERAL
Nota general Texto en imprenta y braille
598 ## -
-- NEW - GRAL
650 14 - • PUNTO DE ACCESO ADICIONAL DE MATERIA - TÉRMINO DE MATERIA
Término de materia o nombre geográfico como elemento inicial Cuentos Estadounidenses
942 ## - ENTRADA DE ELEMENTOS AGREGADOS (KOHA)
Fuente de clasificaión o esquema Dewey Decimal Classification
Koha [por defecto] tipo de item LIbro
990 ## - EQUIVALENCIA O SECCIÓN-REFERENCIA [LOCAL, CANADA]
Enlace de información para campos 9XX Instituto Nacional para Ciegos, INCI 3 vols. (2 ej. de cada uno) 21 09/05/2012 n a808658
Existencias
Perdido Fuente de clasificación o esquema Estado Físico No para préstamo Forma de adquisición Localización permanente Localización actual Fecha adquisición Serie de enumeración / cronolog&íacute;a Préstamos totales Signatura completa Código de barras Fecha última consulta Número de copia Fecha del precio de reemplazo Tipo de item de Koha Localización en estanterías Fecha último préstamo Note pública
        Colección Instituto Nacional para Ciegos Biblioteca Pública Departamental Eduardo Carranza - Villavicencio Biblioteca Pública Departamental Eduardo Carranza - Villavicencio 11/27/2012   1 808.831 M84 ECA21808 11/28/2025 Ej.1 11/26/2024 LIbro Colecciones para condiciones de discapacidad 11/05/2025 16251 | 21023
  Dewey Decimal Classification     Sala Especializada Tercer Piso Biblioteca Pública Germán Arciniegas - Villavicencio Biblioteca Pública Germán Arciniegas - Villavicencio 12/04/2015 14/ago/2013   808.068 26108 12/04/2015 Ej. 1 12/04/2015 LIbro      









Instituto Departamental de Cultura del Meta - Red Departamental de Bibliotecas Públicas del Meta.